000 00373nam a22001457a 4500
008 250314b |||||||| |||| 00| 0 eng d
020 _a9780323625111
050 _aRC440
_b.E87
100 _aVarcarolis Elizabeth M
245 _aEssentials of Psychiatric-Mental Health Nursing
250 _a4th
260 _aMissouri
_bElsevier
_c2021
300 _axvii,478p
942 _cBK
999 _c2335
_d2335